| 000 | 00994nac a22002651u 4500 | ||
|---|---|---|---|
| 010 | _a 98200465 | ||
| 020 | _a1855673525 | ||
| 020 | _a1855673533 (pbk) | ||
| 035 | _a(OCoLC)39483456 | ||
| 035 | _aa597588 | ||
| 082 | 0 | 0 |
_a382.92 _bJ1321 |
| 090 |
_c2140 _d2140 |
||
| 100 | _aJackson, John Howard, | ||
| 245 | 1 | 4 |
_aThe World Trade Organization : _bconstitution and jurisprudence / _cJohn H. Jackson. |
| 260 |
_aLondon : _bRoyal Institute of International Affairs,1998 _c1998. |
||
| 300 |
_axiv, 193 p. ; _c224 cm. |
||
| 440 | 0 | _aChatham House papers (Unnumbered | |
| 504 | _aIncludes bibliographical references (p. 192-193). | ||
| 610 | 2 | 0 | _aWorld Trade Organization. |
| 610 | 2 | 0 | _aWorld Trade Organization. |
| 650 | 0 | _aForeign trade regulation. | |
| 710 | 2 | _aRoyal Institute of International Affairs. | |
| 942 |
_cBB _k382.92J1321 |
||
| 999 |
_c2140 _d2140 |
||